An assessment of manpower status of the banking industry in Dumaguete City : (Record no. 6208)
[ view plain ]
| 000 -LEADER | |
|---|---|
| fixed length control field | 01608nam a22003377a 4500 |
| 003 - CONTROL NUMBER IDENTIFIER | |
| control field | OSt |
| 005 - DATE AND TIME OF LATEST TRANSACTION | |
| control field | 20260601160302.0 |
| 008 - FIXED-LENGTH DATA ELEMENTS--GENERAL INFORMATION | |
| fixed length control field | 260601b |||||||| |||| 00| 0 eng d |
| 040 ## - CATALOGING SOURCE | |
| Original cataloging agency | Foundation University Library |
| Language of cataloging | eng |
| Transcribing agency | Foundation University Library |
| Description conventions | rda |
| 050 ## - LIBRARY OF CONGRESS CALL NUMBER | |
| Classification number | GS (DocEd-Dis) LG 221 D35 G73 |
| Item number | A6 E38 A36 1995 C36 |
| 100 ## - MAIN ENTRY--PERSONAL NAME | |
| Personal name | Canoy, Heracelia S., |
| Relator term | author |
| 9 (RLIN) | 5777 |
| 245 ## - TITLE STATEMENT | |
| Title | An assessment of manpower status of the banking industry in Dumaguete City : |
| Remainder of title | a basis for enrichment of the business education program / |
| Statement of responsibility, etc. | by Heracelia S. Canoy. |
| 260 ## - PUBLICATION, DISTRIBUTION, ETC. | |
| Place of publication, distribution, etc. | Dumaguete City : |
| Name of publisher, distributor, etc. | Foundation University, |
| Date of publication, distribution, etc. | 1995. |
| 264 ## - PRODUCTION, PUBLICATION, DISTRIBUTION, MANUFACTURE, AND COPYRIGHT NOTICE | |
| Copyright Date | 1995. |
| 300 ## - PHYSICAL DESCRIPTION | |
| Extent | iv, 84 leaves : |
| Other physical details | illustrations ; |
| Dimensions | 28 cm |
| Materials specified | dissertation |
| Type of unit | leaves |
| 336 ## - CONTENT TYPE | |
| Materials specified | rdacontent |
| Content type term | text |
| Content type code | txt |
| 337 ## - MEDIA TYPE | |
| Materials specified | rdamedia |
| Media type term | unmediated |
| Media type code | n |
| 338 ## - CARRIER TYPE | |
| Materials specified | GS-DocEd-Diss |
| Carrier type term | volume |
| Carrier type code | nc |
| Source | rdacarrier |
| 490 ## - SERIES STATEMENT | |
| Series statement | GS-DocEd-Diss |
| 502 ## - DISSERTATION, THESIS NOTE | |
| Dissertation note | Graduate dissertation (Doctor of Education) -- Foundation University, 1995. |
| 504 ## - BIBLIOGRAPHY, ETC. NOTE | |
| Bibliography, etc. note | Includes bibliographical references and appendices.<br/> |
| 650 ## - SUBJECT ADDED ENTRY--TOPICAL TERM | |
| Topical term or geographic name entry element | Bank employees |
| Geographic subdivision | Philippines. |
| 9 (RLIN) | 16927 |
| 650 ## - SUBJECT ADDED ENTRY--TOPICAL TERM | |
| Topical term or geographic name entry element | Banks and banking |
| General subdivision | Personnel management. |
| 9 (RLIN) | 16928 |
| 650 ## - SUBJECT ADDED ENTRY--TOPICAL TERM | |
| Topical term or geographic name entry element | Manpower planning. |
| 9 (RLIN) | 16929 |
| 650 ## - SUBJECT ADDED ENTRY--TOPICAL TERM | |
| Topical term or geographic name entry element | Business education |
| Geographic subdivision | Philippines. |
| 9 (RLIN) | 13759 |
| 650 ## - SUBJECT ADDED ENTRY--TOPICAL TERM | |
| Topical term or geographic name entry element | School-business relationships. |
| 9 (RLIN) | 16930 |
| 650 ## - SUBJECT ADDED ENTRY--TOPICAL TERM | |
| Topical term or geographic name entry element | Personnel management. |
| 658 ## - INDEX TERM--CURRICULUM OBJECTIVE | |
| Main curriculum objective | Dissertation Writing 2 : |
| Subordinate curriculum objective | Industrial Engineering, Bachelor of Science in ; |
| Curriculum code | EDD 101 . |
| 900 #0 - CIA (Compiler, Indexer, Abstractor) | |
| Relator code | Sapalaran, James O., cataloger |
| 942 ## - ADDED ENTRY ELEMENTS (KOHA) | |
| Source of classification or shelving scheme | Library of Congress Classification |
| Koha item type | Dissertation |
| Suppress in OPAC | No |
| Classification part | LG 221 D35 G73 |
| Item part | A6 E38 A36 1995 C36 |
| Call number prefix | GS (DocEd-Dis) |
| Withdrawn status | Lost status | Source of classification or shelving scheme | Damaged status | Not for loan | Home library | Current library | Shelving location | Date acquired | Source of acquisition | Total Checkouts | Full call number | Barcode | Date last seen | Price effective from | Koha item type | Accession Number |
|---|---|---|---|---|---|---|---|---|---|---|---|---|---|---|---|---|
| Library of Congress Classification | Foundation University Library | Foundation University Library | Thesis, Dissertation | 06/01/2026 | Donated | GS (DocEd-Dis) LG 221 D35 G73 A6 E38 A36 1995 C36 | 0232026007006 | 06/01/2026 | 06/01/2026 | Dissertation | DocEd-Dis-2026006 |
